Statistics for US Cities Spending Most on Clothes

Click here to take the quiz!

General Stats

  • This quiz has been taken 114 times
  • The average score is 4 of 10

Answer Stats

$ / monthCity% Correct
227.42San Francisco, California
85%
221.17Seattle, Washington
75%
228.58Dallas, Texas
72%
263Washington DC
63%
213Austin, Texas
49%
221.17San Jose, California
40%
251.17Nashville, Tennessee
22%
254.58Arlington, Virginia
4%
201.50Bakersfield, California
4%
243.17Scottsdale, Arizona
2%

Score Distribution

Percentile by Number Answered

Percent of People with Each Score

Your Score History

You have not taken this quiz